Statistics for 15 scrambled Asian countries

Click here to take the quiz!

General Stats

  • This quiz has been taken 91 times
  • The average score is 13 of 15

Answer Stats

Answer% Correct
Kazakhstan
89%
Maldives
89%
Philippines
89%
Kyrgyzstan
87%
Sri Lanka
87%
India
85%
Cyprus
84%
Indonesia
84%
Mongolia
84%
Singapore
84%
Uzbekistan
84%
Bhutan
82%
Saudi Arabia
82%
China
79%
Bahrain
74%

Score Distribution

Percentile by Number Answered

Percent of People with Each Score

Your Score History

You have not taken this quiz